Policies for basic food commodities 2003 - 2004

Wedi'i Gadw mewn:
Manylion Llyfryddiaeth
Awdur Corfforaethol: FAO
Fformat: Llyfr
Iaith:Undetermined
Cyhoeddwyd: Rome, Italy FAO 2006
Pynciau:
Tagiau: Ychwanegu Tag
Dim Tagiau, Byddwch y cyntaf i dagio'r cofnod hwn!
Thư viện lưu trữ: Trung tâm Học liệu Trường Đại học Cần Thơ
LEADER 00516nam a2200193Ia 4500
001 CTU_130320
008 210402s9999 xx 000 0 und d
082 |a 338.1 
082 |b F686 
110 |a FAO 
245 0 |a Policies for basic food commodities 2003 - 2004 
245 0 |c FAO 
260 |a Rome, Italy 
260 |b FAO 
260 |c 2006 
650 |a Farm products,Food supply 
650 |x Government policy,Government policy 
904 |i Minh 
980 |a Trung tâm Học liệu Trường Đại học Cần Thơ